000 00672nam a22002057a 4500
999 _c168007
_d168007
005 20190925103641.0
010 _aENG-126534
020 _c375.00
_a9789353162689
035 _aEN-110066
037 _bDBAD/PUB
082 _a621.3
100 _aSalivahanan, S.
245 _aBasic electrical engineering /
_cBy S. Salivahanan ...[et.,all]
260 _aChennai
_bMcGraw Hill Education
_c2019
270 _bChennai
_a444/1, Sri Ekambara Naicker Industrial Estate, Alapakkam Porur
_e600116
_minfo.india@mheducation.com
300 _a327p.
_c24cm,(pbk)
700 _aRengaraj, R.
700 _aVenkatakrishnan , G. R.
942 _2ddc
_cEN
_h621.3
_mSAL